| 000 | 00454pab a2200157 454500 | ||
|---|---|---|---|
| 008 | 180718b2006 xxu||||| |||| 00| 0 eng d | ||
| 100 | _aSarr, Fatou | ||
| 245 | _aFunding of non governmental organizations in Senegal: constraints and opportunities | ||
| 260 | _c2006 | ||
| 300 | _ap.108-15. | ||
| 362 | _aJun | ||
| 650 | _aNongovernmental organizations - Senegal | ||
| 650 | _aNongovernmental organizations | ||
| 773 | _aDevelopment | ||
| 909 | _a71512 | ||
| 999 |
_c71512 _d71512 |
||